00477 a2200145 4500020001000000035001300010037004300023082000600066100002600072245005600098260003900154270008800193300002400281490002600305 c75.00 aB-211053 bRP-PV-4 / PANSY-07-08:5 / RP-07-08:ENG14aN1 aGardner, Erle Stanley1 aThe case of the Lazy Lovercby Erle Stanley Gardner aBangalorebMaster Mind Booksc2002 aNo. 25, Vasan Towers, Dr. TCM Royan Raode560053k080-26705679mvasanbks@bgl.net.in a192 pc18 cm (pbk) aA perry mason mystery